书目信息 |
| 题名: |
机械工程材料
|
|
| 作者: | 吴清 | |
| 分册: | ||
| 出版信息: | 北京 冶金工业出版社 2016.05 |
|
| 页数: | 230页 | |
| 开本: | 26cm | |
| 丛书名: | ||
| 单 册: | ||
| 中图分类: | TH14 | |
| 科图分类: | ||
| 主题词: | 机械制造材料 | |
| 电子资源: | ||
| ISBN: | 978-7-5024-7211-5 | |
| 000 | 00581nam0 2200205 450 | |
| 001 | 3571 | |
| 005 | 20160926154354.14 | |
| 010 | @a978-7-5024-7211-5@b平装@dCNY38.00 | |
| 100 | @a20151001d2016 km y0chiy0120 ea | |
| 101 | 0 | @achi |
| 102 | @aCN@b110000 | |
| 200 | 1 | @a机械工程材料@Aji xie gong cheng cai liao@f吴清@Fwu qing |
| 210 | @a北京@c冶金工业出版社@d2016.05 | |
| 215 | @a230页@d26cm | |
| 330 | @a机械制造材料·高等职业教育·教材 | |
| 606 | 0 | @a机械制造材料 |
| 690 | @aTH14@v4 | |
| 701 | 0 | @a吴清@Awu qing |
| 801 | 0 | @aCN@b唐山师范学院图书馆@c20151001 |
| 905 | @aZUCC@dTH14@e23 | |
| 机械工程材料/吴清.-北京:冶金工业出版社,2016.05 |
| 230页;26cm |
| ISBN 978-7-5024-7211-5(平装):CNY38.00 |
| 机械制造材料·高等职业教育·教材 |
| ● |
| 相关链接 |
|
|
|
|
正题名:机械工程材料
索取号:TH14/23
 
预约/预借
| 序号 | 登录号 | 条形码 | 馆藏地/架位号 | 状态 | 备注 |
| 1 | 905592 | 209055920 | 第二样本阅览室/ [索取号:TH14/23] | 在馆 | |
| 2 | 905593 | 209055939 | 第三借阅区/ [索取号:TH14/23] | 在馆 | |
| 3 | 905594 | 209055948 | 第三借阅区/ [索取号:TH14/23] | 在馆 | |
| 4 | 905595 | 209055957 | 第三借阅区/ [索取号:TH14/23] | 在馆 | |
| 5 | 905596 | 209055966 | 第三借阅区/ [索取号:TH14/23] | 在馆 |